Finish the words Quiz Stats

 Plays Quiz not verified by Sporcle

Support Sporcle.
Go Orange.
Score 0/20 Timer 05:00
0 Plays Today
Start Finish it % Correct
call ofduty
83.3%
zoomzoom
75%
builtford
66.7%
algebra
66.7%
ladyga
66.7%
the besta man
58.3%
metal ofhonor
41.7%
geomet
41.7%
televisi
41.7%
yaho
33.3%
Start Finish it % Correct
She want it I can tell shewant it
25%
the legendof zelda
25%
got money and you know ittake it
16.7%
goog
16.7%
Do the Pretty girl
8.3%
young money millionairetougher
8.3%
girl i gotta knowhow you dance like
8.3%
supermario
8.3%
mrsofficer
8.3%
when yourhere your
8.3%

You're not logged in!

Compare scores with friends on all Sporcle quizzes.
OR
Log In

From the Vault

Ariana Grande Albums

by Lukedude

This quiz is a grande slam.
Remove Ads.
Support Sporcle.
Get the best of Sporcle when you Go Orange. This ad-free experience offers more features, more stats, and more fun while also helping to support Sporcle. Thank you for becoming a member.

Show Comments

Extras

Created Mar 9, 2011ReportNominate
Tags:Song Quiz, finish

Top Quizzes Today


Score Distribution

Your Account Isn't Verified!

In order to create a playlist on Sporcle, you need to verify the email address you used during registration. Go to your Sporcle Settings to finish the process.

Report this User

Report this user for behavior that violates our Community Guidelines.

Details: